| 000 | 00723nam a2200265 i 4500 | ||
|---|---|---|---|
| 001 | bgj | ||
| 100 | 1 |
_aMONTGOMERY, Lucy Maud _d(1874-1942). |
|
| 245 | 1 | 0 |
_aAnn of Green Gable / _cL. M. Montgomery. |
| 260 |
_aNew York : _bBantam Books, _c1992. |
||
| 300 |
_a308 pp ; _c18 cm. |
||
| 490 | 1 | _aBantam Classics | |
| 650 | 9 | _aOrphans | |
| 650 | 9 | _aFriendship | |
| 650 | 9 |
_aCountry Life _zPrince Edward Island |
|
| 651 | 9 |
_aPrince Edward Island _xHistory _y20th century |
|
| 651 | 9 |
_aCanada _xHistory _y1867-1914 |
|
| 655 | _aFiction | ||
| 830 | _aBantam Classics | ||
| 020 | _a055321313X | ||
| 040 | _cBPK | ||
| 041 | 0 | _aeng | |
| 920 | _a0-553-21313-X | ||
| 942 | _cKS | ||
| 008 | s uk f |000 0 eng | ||
| 999 |
_c49107 _d49107 |
||
| 856 |
_uhttp://koha.tu.koszalin.pl/cgi-bin/koha/opac-detail.pl?biblionumber=49107 _yKatalog online BPK |
||